History Quiz

Random History or Politics Quiz

Mega-Sorting Gallery: History Quiz Stats

 Plays Quiz Updated Jul 15, 2020

Support Sporcle.
Go Orange.
Score 0/100 Timer 15:00
10 Plays Today
% Correct
Labour
93.6%
Conservative
93.5%
Anne Boleyn
92%
Catherine of Aragon
90.9%
Anne of Cleves
90.7%
Alexander Fleming Discovers Penicillin
89.2%
Catherine Howard
89.1%
'Mein Kampf' is Published
88.9%
Albert Einstein Wins a Nobel Prize
88.7%
Catherine Parr
88.6%
Andrew Johnson
88.2%
Lyndon B. Johnson
87.9%
Communist Party in China Founded
87.8%
Harry S. Truman
87.6%
Angela Merkel
87.2%
Electro-Magnetic Brake
87.2%
The Great Pyramid of Giza
87.1%
Justin Trudeau
87.1%
Hanging Gardens of Babylon
87%
Electrographic Vote-recorder
86.7%
Addressing-Machine
86.7%
League of Nations Established
86.6%
Incandescent Lamp
86.5%
Jane Seymour
86.2%
Electric Meter
85.9%
Lighthouse of Alexandria
85.8%
Vladimir Putin
85.5%
Kinetographic Camera
85.5%
Statue of Zeus at Olympia
85.4%
Mausoleum at Halicarnassus
85.2%
Calvin Coolidge
85.2%
David Cameron
85.1%
Alkaline Battery
84.9%
Gerald Ford
84.9%
% Correct
Chester A. Arthur
84.7%
Vase With Fifteen Sunflowers
84.6%
Theodore Roosevelt
84.6%
Kim Jong-il
84.5%
U.S. Prohibition Begins
84.5%
The Starry Night
84.5%
Colossus of Rhodes
84.2%
Omaha
84.1%
Mustafa Kemal Atatürk Takes Office
84%
Phonograph
83.7%
Expanding Pulley
83.6%
Challenger
83.5%
Benjamin Netanyahu
82.9%
Temple of Artemis
82.4%
Bolivia
82.2%
Wheatfield With Crows
82.1%
Self-Portrait
81.6%
Peru
81.5%
John Tyler
81.5%
Discovery
81.2%
Winston Churchill
80.9%
New Zealand
80.2%
The Night Café
80.1%
Joseph Stalin
80.1%
Bedroom in Arles
79.8%
Ecuador
79.8%
Colombia
79.6%
Endeavour
78.9%
Nelson Mandela
78.5%
Santa María
78.4%
Millard Fillmore
78%
Hugo Chávez
78%
Panama
78%
Niña
77.6%
% Correct
Aventine
77.2%
Capitoline
77.1%
Pinta
76.7%
Venezuela
76.1%
Franklin D. Roosevelt
75.9%
Atlantis
75.1%
Utah
75%
Columbia
74.9%
Caelian
74.3%
Palatine
74.3%
The Somme
73.8%
Jacob Zuma
73.7%
Esquiline
73.4%
The Potato Eaters
73.2%
Juno
72.4%
Xi Jinping
72.3%
Choleric
71.9%
China
70.7%
Gallipoli
70.4%
Soviet Union
69.9%
Black Tuesday
69.9%
Phlegmatic
69.5%
Melancholic
67.4%
Verdun
67.3%
The Marne
66.9%
Narendra Modi
66.9%
Sanguine
66.3%
Viminal
64%
Quirinal
62.6%
Irises
60.2%
Gold
59.6%
Sword
52.7%

You're not logged in!

Compare scores with friends on all Sporcle quizzes.
OR
Log In
Forgot?

From the Vault

CBS Shows by Cast Photo II

by THEJMAN

It might be tough to get the entire cast of Survivor into one photo.
Remove Ads.
Support Sporcle.
Get the best of Sporcle when you Go Orange. This ad-free experience offers more features, more stats, and more fun while also helping to support Sporcle. Thank you for becoming a member.

Show Comments

Extras

Top Quizzes Today


Score Distribution

Your Account Isn't Verified!

In order to create a playlist on Sporcle, you need to verify the email address you used during registration. Go to your Sporcle Settings to finish the process.

Report this User

Report this user for behavior that violates our Community Guidelines.

Details: